|
|
|
|
| LEADER |
01214nab#a2200397#ar4500 |
| 001 |
000102513 |
| 003 |
SVKKK |
| 005 |
20101021134353.0 |
| 008 |
080509c2010 xo |||||||||||||||b|eng |
| FMT |
|
|
|
| 015 |
|
|
|a SNBRB2010/10
|
| 038 |
|
|
|a SVKKK
|
| 040 |
|
|
|a SVKKK
|b slo
|e AACR2
|
| 041 |
0 |
|
|a eng
|b eng
|
| 044 |
|
|
|a ne
|c NL
|
| 080 |
|
|
|a 552.513
|2 1997
|
| 080 |
|
|
|a 904
|2 1997
|
| 242 |
1 |
0 |
|a Nepravidelná kremitá cementácia v pieskovcoch a jej dôsledky na použiteľnosť stavebného kameňa
|
| 245 |
1 |
0 |
|a Irregular silica cementation in sandstones and its implication on the usability as building stone
|c José Nespereira ... [et al.]
|
| 300 |
|
|
|b Obr., tab.
|
| 504 |
|
|
|a Bibliogr. odkazy
|
| 546 |
|
|
|a Res. angl.
|
| 650 |
0 |
4 |
|a pieskovce
|x kremitá cementácia
|x vlastnosti
|
| 650 |
0 |
4 |
|a historické pamiatky
|x stavebné kamene
|x zvetrávanie
|
| 700 |
1 |
|
|a Nespereira, José
|4 aut
|
| 700 |
1 |
|
|a Blanco, José A.
|4 aut
|
| 700 |
1 |
|
|a Yenes, Mariano
|4 aut
|
| 700 |
1 |
|
|a Pereira, Dolores
|4 aut
|
| 773 |
0 |
|
|t Engineering geology
|g Roč. 115, č. 3-4 (október 2010), s. 158-166
|x 0013-7952
|
| 958 |
|
|
|a NB
|
| 974 |
|
|
|a Ni
|
| 992 |
|
|
|a RBX
|
| BAS |
|
|
|
| 852 |
|
|
|a SVKKK
|b BIB
|
| EXP |
|
|
|
| 998 |
|
|
|a GEO
|